Sexual offending : (Record no. 103593)
[ view plain ]
| 000 -LEADER | |
|---|---|
| fixed length control field | 00707cam a22002298i 4500 |
| 001 - CONTROL NUMBER | |
| control field | 19358322 |
| 005 - DATE AND TIME OF LATEST TRANSACTION | |
| control field | 20180221115058.0 |
| 008 - FIXED-LENGTH DATA ELEMENTS--GENERAL INFORMATION | |
| fixed length control field | 161031s2017 enk b 001 0 eng |
| 020 ## - INTERNATIONAL STANDARD BOOK NUMBER | |
| International Standard Book Number | 9780470683521 (cloth) |
| 020 ## - INTERNATIONAL STANDARD BOOK NUMBER | |
| International Standard Book Number | 9780470683514 (pbk.) |
| 040 ## - CATALOGING SOURCE | |
| Transcribing agency | PK-LaUMT |
| 082 00 - DEWEY DECIMAL CLASSIFICATION NUMBER | |
| Classification number | 616.858306 |
| Edition number | 23 |
| Item number | SEX- |
| 245 00 - TITLE STATEMENT | |
| Title | Sexual offending : |
| Remainder of title | cognition, emotion and motivation / |
| Statement of responsibility, etc | edited by Theresa A. Gannon and Tony Ward |
| 260 ## - PUBLICATION, DISTRIBUTION, ETC. (IMPRINT) | |
| Place of publication, distribution, etc | Chichester : |
| Name of publisher, distributor, etc | John Wiley, |
| Date of publication, distribution, etc | 2017 |
| 300 ## - PHYSICAL DESCRIPTION | |
| Extent | 156 p. |
| 650 #0 - SUBJECT ADDED ENTRY--TOPICAL TERM | |
| Topical term or geographic name as entry element | Sex offenders |
| General subdivision | Psychology. |
| 650 #0 - SUBJECT ADDED ENTRY--TOPICAL TERM | |
| Topical term or geographic name as entry element | Sex offenders |
| General subdivision | Rehabilitation. |
| 650 #0 - SUBJECT ADDED ENTRY--TOPICAL TERM | |
| Topical term or geographic name as entry element | Sex crimes |
| General subdivision | Psychological aspects. |
| 700 1# - ADDED ENTRY--PERSONAL NAME | |
| Personal name | Gannon, Theresa A., |
| 700 1# - ADDED ENTRY--PERSONAL NAME | |
| Personal name | Ward, Tony, |
| 942 ## - ADDED ENTRY ELEMENTS (KOHA) | |
| Koha item type | Books |
| Withdrawn status | Lost status | Damaged status | Home library | Current library | Date acquired | Full call number | Barcode | Date last seen | Price effective from | Koha item type |
|---|---|---|---|---|---|---|---|---|---|---|
| UMT Main Campus | UMT Main Campus | 2018-02-21 | 616.858306 SEX- | 119358 | 2019-10-01 | 2018-02-21 | Books |
